Statistiques concernant Les prénoms de T à Y du plan de Paris

Cliquez ici pour prendre le quiz!

Statistiques générales

  • Ce quiz a été pris 9 fois
  • Le résultat moyen est 12 sur 44

Statistiques - réponses

ArrondissementIndiceNomPrénom% Correct
7eHomme politiqueGiscard d'EstaingValéryV
100%
15eCouturierSaint-LaurentYvesY
100%
8eHomme politiqueChurchillWinstonW
88%
13eHomme politiqueAuriolVincentV
63%
19eCompositeurScottoVincentV
63%
16eEcrivain / PoèteGautierThéophileT
50%
4eSouveraine(...) d'AngleterreVictoriaV
50%
5eEcrivain / PoètePrivasXavierX
50%
17eSportifdu ManoirYvesY
50%
18eArtiste peintreKleinYvesY
50%
3eEcrivain / PoèteHerzlTheodorT
38%
17eEcrivain / Poètede BanvilleThéodoreT
38%
13eEcrivain / PoèteMannThomasT
38%
12eCompositeurd'IndyVincentV
38%
4eHistorienBenjaminWalterW
38%
10eSyndicalisteToudicYvesY
38%
16eSculpteurRivièreThéodoreT
25%
15eCéramisteDeckThéodoreT
25%
16eArtiste peintreRousseauThéodoreT
25%
12eMédecinRousselThéophileT
25%
11eMilitaireLouvertureToussaintT
25%
18eEcrivain / PoèteTzaraTristanT
25%
18ePropriétaireCompointVincentV
25%
15eArtiste peintreKandinskyWassilyW
25%
12ePropriétaireHamontThéodoreT
13%
8eArtiste peintreChassériauThéodoreT
13%
5eArchéologueVacquerThéodoreV
13%
9eEntrepreneurBaderThéophileT
13%
15eMédecinRenaudotThéophrasteT
13%
16eMédecinde MartelThierryT
13%
17eEcrivain / PoèteBernardTristanT
13%
15eProfesseurHaüyValentinV
13%
16eEcrivain / PoèteSardouVictorienV
13%
20ePhotographeRonisWillyW
13%
17eRésistantMorandatYvonY
13%
15eArchitecteJudlinThéodoreT
0%
17eArtiste peintreRibotThéoduleT
0%
10eHomme politiqueDreyfusTonyT
0%
13ePropriétaireFéronToussaintT
0%
18eHaut fonctionnaireAbeilleValentinV
0%
13eEcrivain / PoèteLarbaudValéryV
0%
14eHomme politiqueLaurierWilfridW
0%
7eInstrumentisteMenuhinYehudiY
0%
16eAstronomeVillarceauYvonY
0%

Distribution des résultats

Percentile par nombre de réponses

% des personnes avec chaque résultat

Votre développement - résultats

Vous n’avez pas pris ce quiz